000 00286nam a2200121 a 4500
008 101022s1970|||| d
100 1 _aLem, Stanislav
245 1 0 _aPánov hlas
260 _bSlovenský spisovateľ
_aBratislava
_c1970
020 _c20
041 _aslo
044 _axo
_cSK
999 _c12014
_d12014